000 00574nam a2200193Ia 4500
005 20250421142208.0
008 241212s9999 xx 000 0 und d
020 _a9781032220772
_qpbk
041 _aeng
082 _a306.4
_bFIN
100 _aFindlen, Paula
245 0 _aEarly modern things
_b: objects and their histories, 1500-1800
_c/ Paula Findlen
250 _a2nd ed.
260 _bRoutledge
_cc2021
_aLondon
300 _a460 p.
_c23 cm.
504 _aindex
650 _aMaterial culture History; Ceremonial objects; Civilization Modern
942 _cENGLISH
999 _c567032
_d567032